000 01335nam a22004577a 4500
001 BR2016003140
003 BR-BrBNA
005 20230928104924.0
007 ta
008 230509b bl.||||| |||| 00| 0 por d
040 _aBR-BrBNA
_bpor
_cBiblioteca Nacional de Agricultura
041 _a(Por)
072 _aH01; T01
_b3871
090 _ 3871 BR2016003140
100 1 _aSolomon, K.R.
100 1 _aStephenson, G.R.
100 1 _aCorrea, C.L.
100 1 _aZambrone, F.A.D.
100 1 _aPaiva, C. (trad.)
110 1 _aIlsi Brasil, São Paulo, SP (Brasil). International Life Sciences Institute do Brasil
_95573
245 1 _aPraguicidas e o meio ambiente
260 3 _aSão Paulo, SP (Brasil):
_c2010.
300 _a473 p.
500 _aIncludes several bibliographies; Summary (Por); Glossary (Por); 205 illus.; 74 tables
650 _aPESTICIDA
650 _aMEIO AMBIENTE
650 _aHISTÓRIA
650 _aSELEÇÃO
650 _aFORMULAÇÃO
650 _aABSORÇÃO
650 _aRESÍDUO
650 _aTOXICOLOGIA
650 _aRESISTÊNCIA A PESTICIDA
650 _aRESISTÊNCIA A PRODUTOS QUÍMICOS
650 _aBIOTECNOLOGIA
650 _aCONTROLE INTEGRADO
650 _aCONTROLE QUÍMICO
650 _aLEGISLAÇÃO
909 _a202309
_bLucia
_c55
_dLucia Elande
942 _cBK
999 _c82457
_d82457